[Event "NCA-ch (Women)"]
[Site "Managua"]
[Date "2023.04.15"]
[Round "7"]
[White "Ferrufino, Michelle"]
[Black "Pena Baltodano, Sharon Isabel"]
[Result "1-0"]
[WhiteElo "1819"]
[BlackElo "1351"]
[PlyCount "61"]
[EventDate "2023.03.25"]
[EventType "swiss"]
[EventRounds "9"]
[EventCountry "NCA"]
[SourceTitle "EXT 2024"]
[Source "ChessBase"]
[SourceDate "2023.10.10"]
[SourceVersion "1"]
[SourceVersionDate "2023.10.10"]
[SourceQuality "1"]

1. e4 e5 2. Nf3 Nf6 3. Nc3 Bb4 4. Nxe5 0-0 5. Be2 Bxc3 6. dxc3 Re8 7. Nd3 Nxe4 8. 0-0 d6 9. Nf4 Nd7 10. f3 Nef6 11. b3 b6 12. Bb2 Bb7 13. Qd2 Ne5 14. c4 c6 15. Rad1 d5 16. cxd5 cxd5 17. Bb5 Bc6 18. Bxc6 Nxc6 19. Bxf6 Qxf6 20. Nxd5 Qd6 21. c4 Rad8 22. Qf2 Ne7 23. Nc3 Qb8 24. Qg3 Qxg3 25. hxg3 Nf5 26. Kf2 Rxd1 27. Rxd1 g6 28. g4 Ng7 29. Rd7 a6 30. Nd5 Rb8 31. Nf6+ 1-0

[Event "NCA-ch (Women)"]
[Site "Managua"]
[Date "2023.04.02"]
[Round "5"]
[White "Ferrufino, Michelle"]
[Black "Pena Baltodano, Yaddolly"]
[Result "1-0"]
[WhiteElo "1819"]
[BlackElo "1163"]
[PlyCount "39"]
[EventDate "2023.03.25"]
[EventType "swiss"]
[EventRounds "9"]
[EventCountry "NCA"]
[SourceTitle "EXT 2024"]
[Source "ChessBase"]
[SourceDate "2023.10.10"]
[SourceVersion "1"]
[SourceVersionDate "2023.10.10"]
[SourceQuality "1"]

1. e4 e5 2. Nf3 Nf6 3. Nc3 Bb4 4. Nxe5 0-0 5. Be2 Re8 6. Nf3 Bxc3 7. dxc3 Nxe4 8. 0-0 d6 9. Nd4 Nd7 10. Bf3 Nf8 11. Re1 Nf6 12. Bg5 Rxe1+ 13. Qxe1 h6 14. Bh4 Ng6 15. Bxf6 Qxf6 16. Qe8+ Nf8 17. Bg4 Bxg4 18. Qxa8 c5 19. Nb5 Be2 20. Qxb7 1-0

[Event "NCA-ch (Women)"]
[Site "Managua"]
[Date "2023.04.01"]
[Round "4"]
[White "Granados Ortiz, Maria Jose"]
[Black "Ferrufino, Michelle"]
[Result "0-1"]
[WhiteElo "1746"]
[BlackElo "1819"]
[PlyCount "102"]
[EventDate "2023.03.25"]
[EventType "swiss"]
[EventRounds "9"]
[EventCountry "NCA"]
[SourceTitle "EXT 2024"]
[Source "ChessBase"]
[SourceDate "2023.10.10"]
[SourceVersion "1"]
[SourceVersionDate "2023.10.10"]
[SourceQuality "1"]

1. e4 d5 2. exd5 Qxd5 3. Nc3 Qd6 4. d4 Nf6 5. Nf3 c6 6. Bc4 Bg4 7. Be3 Nbd7 8. Qe2 e6 9. 0-0-0 0-0-0 10. h3 Bh5 11. g4 Bg6 12. Bd2 Be7 13. Ne5 Qxd4 14. Nxg6 hxg6 15. Bh6 Qe5 16. Qxe5 Nxe5 17. Bxg7 Nxc4 18. Bxh8 Rxh8 19. f4 Ne3 20. Rde1 Nfd5 21. Ne4 Ng2 22. Re2 Ngxf4 23. Rf2 f5 24. gxf5 gxf5 25. Nd2 Bc5 26. Rff1 Ne2+ 27. Kd1 Ng3 28. Nc4 Nxh1 29. Rxh1 Ne3+ 30. Nxe3 Bxe3 31. Ke2 f4 32. Kf3 Rh4 33. b3 Kd7 34. Rd1+ Ke7 35. Rh1 Kf6 36. Ke2 Kf5 37. Kf3 e5 38. Ke2 Ke4 39. Rh2 f3+ 40. Ke1 Kf4 41. Kf1 Kg3 42. Rh1 Rxh3 43. Rxh3+ Kxh3 44. c4 Bd4 45. a4 e4 46. a5 e3 47. b4 e2+ 48. Ke1 Bc3+ 49. Kf2 e1Q+ 50. Kxf3 Bd2 51. b5 Qe3# 0-1

[Event "Olympiad Women-44"]
[Site "Chennai"]
[Date "2022.08.08"]
[Round "10.2"]
[White "Ferrufino, Michelle"]
[Black "Diaz Charpentier, Kristel Melissa"]
[Result "0-1"]
[WhiteElo "1811"]
[BlackElo "1989"]
[PlyCount "64"]
[EventDate "2022.07.29"]
[EventType "team-swiss"]
[EventRounds "11"]
[EventCountry "IND"]
[SourceTitle "CBM 210"]
[Source "ChessBase"]
[SourceDate "2022.10.31"]
[SourceVersion "1"]
[SourceVersionDate "2022.10.31"]
[SourceQuality "1"]
[WhiteTeam "Nicaragua (W)"]
[BlackTeam "Costa Rica (W)"]
[WhiteTeamCountry "NCA"]
[BlackTeamCountry "CRI"]

1. e4 c5 2. Nc3 Nc6 3. f4 e6 4. Nf3 d5 5. Bb5 Nge7 6. exd5 exd5 7. Qe2 g6 8. Bxc6+ bxc6 9. Qe5 Rg8 10. 0-0 Bg4 11. Re1 Bxf3 12. gxf3 Bg7 13. Qe2 Kf8 14. Nd1 Nf5 15. c3 Bf6 16. Ne3 Nd6 17. Qf2 Bh4 18. Qf1 Bxe1 19. Qxe1 Qf6 20. d3 Re8 21. Qf2 h5 22. Bd2 Kg7 23. Ng2 Qf5 24. Qxc5 Qxd3 25. Be1 Nf5 26. Bf2 Re2 27. Rf1 Rge8 28. Qxc6 Qd2 29. Qb7 h4 30. h3 Ng3 31. Nxh4 Nxf1 32. Bd4+ Kg8 0-1

[Event "Olympiad Women-44"]
[Site "Chennai"]
[Date "2022.07.31"]
[Round "3.2"]
[White "Ferrufino, Michelle"]
[Black "Janzelj, Lara"]
[Result "0-1"]
[WhiteElo "1811"]
[BlackElo "2215"]
[PlyCount "102"]
[EventDate "2022.07.29"]
[EventType "team-swiss"]
[EventRounds "11"]
[EventCountry "IND"]
[SourceTitle "CBM 210"]
[Source "ChessBase"]
[SourceDate "2022.10.31"]
[SourceVersion "1"]
[SourceVersionDate "2022.10.31"]
[SourceQuality "1"]
[WhiteTeam "Nicaragua (W)"]
[BlackTeam "Slovenia (W)"]
[WhiteTeamCountry "NCA"]
[BlackTeamCountry "SLO"]

1. e4 e5 2. Nf3 Nc6 3. d4 exd4 4. Bc4 Bc5 5. c3 Nf6 6. e5 d5 7. Bb5 Ne4 8. cxd4 Bb6 9. 0-0 0-0 10. Nc3 Bg4 11. Be3 Ne7 12. Bd3 f5 13. exf6 Nxf6 14. Be2 Nf5 15. Bg5 c6 16. Ne5 Bxe2 17. Nxe2 Qd6 18. Nf3 Rae8 19. Qd3 Ne4 20. Bf4 Qe6 21. Be5 Nfd6 22. a4 Nc4 23. b3 Nxe5 24. dxe5 Qg4 25. Nfd4 Nc5 26. Qc2 Rxe5 27. a5 Nxb3 28. Qxb3 Bxd4 29. Nxd4 Qxd4 30. Rad1 Qc5 31. Qxb7 Re2 32. Kh1 Rexf2 33. Rxf2 Qxf2 34. h3 Qc5 35. Re1 Qxa5 36. Re7 Qc3 37. Qc7 Qc1+ 38. Kh2 Qf4+ 39. Qxf4 Rxf4 40. Rxa7 Rf7 41. Ra8+ Rf8 42. Ra7 h5 43. Rc7 Rf6 44. Kg3 Kh7 45. Kh4 Kh6 46. g4 hxg4 47. hxg4 Rd6 48. Rc8 d4 49. Rh8+ Kg6 50. Kg3 d3 51. Rh1 d2 0-1

[Event "NCA-ch (Women)"]
[Site "Managua"]
[Date "2022.04.03"]
[Round "2"]
[White "Granados Diaz, Maria Esther"]
[Black "Ferrufino, Michelle"]
[Result "1/2-1/2"]
[WhiteElo "1920"]
[BlackElo "1830"]
[PlyCount "97"]
[EventDate "2022.04.02"]
[EventType "swiss"]
[EventRounds "9"]
[EventCountry "NCA"]
[SourceTitle "EXT 2023"]
[Source "ChessBase"]
[SourceDate "2022.10.05"]
[SourceVersion "1"]
[SourceVersionDate "2022.10.05"]
[SourceQuality "1"]

1. e4 d5 2. exd5 Qxd5 3. Nc3 Qd6 4. d4 Nf6 5. Nf3 c6 6. h3 Bf5 7. Bc4 e6 8. 0-0 Nbd7 9. Re1 Be7 10. Ne2 0-0 11. Ng3 Bg6 12. Nh4 Rfd8 13. Nxg6 hxg6 14. c3 Nb6 15. Bb3 c5 16. Be3 Qc7 17. Qf3 Nbd5 18. dxc5 Nxe3 19. Rxe3 Bxc5 20. Re2 Rd6 21. h4 Rad8 22. h5 Rd3 23. Re3 Bxe3 24. fxe3 gxh5 25. Nxh5 Nxh5 26. Qxh5 Rd2 27. Rf1 g6 28. Qg5 R8d6 29. Rf4 Rxb2 30. Qf6 Rb1+ 31. Kh2 Rc6 32. Bc2 Rf1 33. Be4 Rxf4 34. exf4 Rxc3 35. Bf3 Rc5 36. g3 b6 37. Kh3 Rf5 38. Qd4 e5 39. Qe4 exf4 40. g4 Rc5 41. Bd1 Rc3+ 42. Kh4 Qd8+ 43. g5 Rd3 44. Bb3 Rd4 45. Qxg6+ Kh8 46. Qh6+ Kg8 47. Qg6+ Kh8 48. Qh6+ Kg8 49. Qg6+ 1/2-1/2

[Event "NCA-ch sf"]
[Site "Managua"]
[Date "2022.02.20"]
[Round "5"]
[White "Ferrufino, Michelle"]
[Black "Garcia Martinez, Antonio Jose"]
[Result "1-0"]
[WhiteElo "1823"]
[BlackElo "1867"]
[PlyCount "115"]
[EventDate "2022.02.12"]
[EventType "swiss"]
[EventRounds "9"]
[EventCountry "NCA"]
[SourceTitle "EXT 2023"]
[Source "ChessBase"]
[SourceDate "2022.10.05"]
[SourceVersion "1"]
[SourceVersionDate "2022.10.05"]
[SourceQuality "1"]

1. e4 c5 2. Nc3 d6 3. f4 Nc6 4. Bb5 Bd7 5. Nf3 a6 6. Bxc6 bxc6 7. d3 g6 8. 0-0 Bg7 9. Qe1 e6 10. e5 d5 11. Na4 Bf8 12. Qc3 d4 13. Qc4 Qa5 14. b3 Rb8 15. Ba3 Nh6 16. Bxc5 Bxc5 17. Qxc5 Qxc5 18. Nxc5 Nf5 19. Nxa6 Rd8 20. Rf2 Bc8 21. Nc5 Rd5 22. Ne4 Ke7 23. Nf6 Rdd8 24. Ng5 Bb7 25. Nge4 h5 26. Nc5 Ba8 27. a4 Ne3 28. a5 Nd5 29. Nxd5+ Rxd5 30. Ne4 Rb8 31. Nd6 Bb7 32. a6 Ba8 33. Ra4 g5 34. fxg5 Rxe5 35. Ne4 c5 36. a7 Rg8 37. h4 Bxe4 38. dxe4 Ra8 39. Rf4 Kf8 40. Kf2 Kg7 41. Ke2 c4 42. bxc4 Rc5 43. Kd3 e5 44. Rf6 Rc7 45. Rfa6 Rc5 46. c3 dxc3 47. Kxc3 Rc7 48. R4a5 Rb7 49. c5 Rb1 50. Rb6 Rc1+ 51. Kd2 Rc4 52. Rb8 Rxa7 53. Rxa7 Rxc5 54. Rbb7 Kg6 55. Rb6+ Kg7 56. Rf6 Rb5 57. Rfxf7+ Kg8 58. Rh7 1-0

[Event "NCA-ch sf"]
[Site "Managua"]
[Date "2022.02.13"]
[Round "3"]
[White "Ferrufino, Michelle"]
[Black "Martinez Thomas, Gregory Aubrey"]
[Result "0-1"]
[WhiteElo "1823"]
[BlackElo "1461"]
[PlyCount "98"]
[EventDate "2022.02.12"]
[EventType "swiss"]
[EventRounds "9"]
[EventCountry "NCA"]
[SourceTitle "EXT 2023"]
[Source "ChessBase"]
[SourceDate "2022.10.05"]
[SourceVersion "1"]
[SourceVersionDate "2022.10.05"]
[SourceQuality "1"]

1. e4 e5 2. d4 exd4 3. Nf3 d6 4. Nxd4 Nf6 5. Nc3 Be7 6. f3 0-0 7. Be3 Re8 8. Qd2 c6 9. 0-0-0 b5 10. Kb1 Bd7 11. g4 b4 12. Nce2 c5 13. Nf5 Be6 14. Nxd6 Qa5 15. Nc1 Rd8 16. e5 Ne8 17. Qf2 Nxd6 18. exd6 Rxd6 19. Rxd6 Bxd6 20. Nb3 Bxb3 21. axb3 Nc6 22. Bd3 Ne5 23. Be4 Rc8 24. Rd1 Qc7 25. Bf5 Re8 26. f4 Ng6 27. h4 a5 28. h5 Nxf4 29. Rxd6 Qxd6 30. Bxf4 Qd1+ 31. Bc1 Re1 32. Qf4 g6 33. h6 Qxc1+ 34. Qxc1 Rxc1+ 35. Kxc1 gxf5 36. gxf5 Kf8 37. Kd2 Ke7 38. Ke3 Kd6 39. Kf4 Kd5 40. c3 f6 41. c4+ Kd4 42. Kf3 Ke5 43. Kg4 Ke4 44. Kh4 Kxf5 45. Kh5 Kf4 46. Kh4 f5 47. Kh5 Ke3 48. Kg5 f4 49. Kf6 f3 0-1

[Event "NCA-ch sf"]
[Site "Managua"]
[Date "2022.02.13"]
[Round "2"]
[White "Quintanilla, Marvin"]
[Black "Ferrufino, Michelle"]
[Result "1/2-1/2"]
[WhiteElo "1921"]
[BlackElo "1823"]
[PlyCount "60"]
[EventDate "2022.02.12"]
[EventType "swiss"]
[EventRounds "9"]
[EventCountry "NCA"]
[SourceTitle "EXT 2023"]
[Source "ChessBase"]
[SourceDate "2022.10.05"]
[SourceVersion "1"]
[SourceVersionDate "2022.10.05"]
[SourceQuality "1"]

1. c4 c6 2. Nf3 d5 3. e3 Nf6 4. Nc3 g6 5. d4 Bg7 6. Be2 0-0 7. 0-0 Re8 8. b3 Bg4 9. Bb2 Nbd7 10. Ne5 Bxe2 11. Qxe2 e6 12. f4 Rc8 13. c5 Nf8 14. b4 N6d7 15. Qf2 f6 16. Nd3 e5 17. fxe5 fxe5 18. Ne2 e4 19. Ndf4 Qe7 20. Nc3 Nf6 21. a4 Ne6 22. Qe2 Rf8 23. b5 Nxf4 24. Rxf4 Nh5 25. Rxf8+ Rxf8 26. Rf1 Rxf1+ 27. Qxf1 Qf6 28. Qxf6 Nxf6 29. h3 Kf7 30. a5 Ke7 1/2-1/2

[Event "NCA-ch sf"]
[Site "Managua"]
[Date "2022.02.12"]
[Round "1"]
[White "Ferrufino, Michelle"]
[Black "Castillo Sevilla, Ian Eiffel"]
[Result "0-1"]
[WhiteElo "1823"]
[BlackElo "2062"]
[PlyCount "78"]
[EventDate "2022.02.12"]
[EventType "swiss"]
[EventRounds "9"]
[EventCountry "NCA"]
[SourceTitle "EXT 2023"]
[Source "ChessBase"]
[SourceDate "2022.10.05"]
[SourceVersion "1"]
[SourceVersionDate "2022.10.05"]
[SourceQuality "1"]

1. e4 c6 2. Nc3 d5 3. Nf3 Bg4 4. h3 Bxf3 5. Qxf3 e6 6. g3 Nd7 7. Bg2 Ngf6 8. 0-0 Bb4 9. exd5 cxd5 10. a3 Be7 11. d4 0-0 12. Ne2 Rc8 13. c3 b5 14. Re1 a5 15. Nf4 Qb6 16. Qd3 Rfe8 17. Bd2 Bf8 18. g4 h6 19. Qg3 b4 20. axb4 axb4 21. h4 bxc3 22. Bxc3 Bd6 23. Qf3 Ne4 24. Rxe4 dxe4 25. Qxe4 Nf6 26. Qf3 Bxf4 27. Qxf4 Nd5 28. Qd2 Nxc3 29. bxc3 Qb3 30. Rc1 Rc7 31. Bf1 Rec8 32. c4 Qf3 33. Qd1 Qf6 34. d5 exd5 35. Qxd5 Rc5 36. Qe4 Qxh4 37. Rc3 h5 38. Rg3 hxg4 39. Rxg4 Rg5 0-1

[Event "NCA-ch Fase 2"]
[Site "Managua"]
[Date "2022.02.05"]
[Round "7"]
[White "Rios Borgen, Edgard Jose"]
[Black "Ferrufino, Michelle"]
[Result "1-0"]
[WhiteElo "1776"]
[BlackElo "1823"]
[PlyCount "62"]
[EventDate "2022.01.22"]
[EventType "swiss"]
[EventRounds "9"]
[EventCountry "NCA"]
[SourceTitle "CBM 207 Extra"]
[Source "ChessBase"]
[SourceDate "2022.05.31"]
[SourceVersion "1"]
[SourceVersionDate "2022.05.31"]
[SourceQuality "1"]

1. d4 d5 2. Bf4 c5 3. e3 Nc6 4. c3 Qb6 5. Qb3 c4 6. Qc2 e5 7. dxe5 Bf5 8. Qc1 g5 9. Bg3 h5 10. h3 Bg7 11. Nf3 h4 12. Bh2 g4 13. hxg4 Bxg4 14. Nbd2 0-0-0 15. Qc2 Nge7 16. Be2 Bf5 17. Qc1 h3 18. gxh3 Rxh3 19. Ng5 Rxe3 20. fxe3 Bxe5 21. Nxf7 Bxh2 22. Rxh2 Qc7 23. Rg2 Rf8 24. Ng5 Ne5 25. Ndf3 Nd3+ 26. Bxd3 Bxd3 27. Qd2 Qd6 28. Qf2 Ng6 29. Kd2 Qb6 30. b3 Qa5 31. Ne6 Re8 1-0

[Event "NCA-ch Fase 2"]
[Site "Managua"]
[Date "2022.01.30"]
[Round "6"]
[White "Ferrufino, Michelle"]
[Black "Carranza Narvaez, Sergio Ivan"]
[Result "0-1"]
[WhiteElo "1823"]
[BlackElo "1910"]
[PlyCount "107"]
[EventDate "2022.01.22"]
[EventType "swiss"]
[EventRounds "9"]
[EventCountry "NCA"]
[SourceTitle "CBM 207 Extra"]
[Source "ChessBase"]
[SourceDate "2022.05.31"]
[SourceVersion "1"]
[SourceVersionDate "2022.05.31"]
[SourceQuality "1"]

1. e4 e6 2. d4 d5 3. Nc3 Bb4 4. exd5 exd5 5. Bd3 Nf6 6. Nge2 Bg4 7. f3 Bh5 8. 0-0 c6 9. a3 Bd6 10. Bf4 Bg6 11. Re1 0-0 12. Bxd6 Qxd6 13. Ng3 Qf4 14. Nce2 Qe3+ 15. Kh1 Bxd3 16. cxd3 g6 17. Qb3 Qe7 18. Nc3 Qd7 19. Re5 Qc7 20. Qc2 Qb6 21. Qf2 Nbd7 22. Re7 Qd8 23. Re2 Kg7 24. Rae1 Qc7 25. f4 h5 26. h3 h4 27. Nf1 Nh5 28. Qxh4 Qxf4 29. Qxf4 Nxf4 30. Re7 Rad8 31. R7e3 Nf6 32. Nh2 Rde8 33. Nf3 Rxe3 34. Rxe3 Re8 35. Rxe8 Nxe8 36. Ne1 Nd6 37. Kg1 Nf5 38. Kf2 Nxd4 39. Ke3 Nfe6 40. g4 Kf6 41. h4 Nb3 42. Ke2 c5 43. Nf3 Ke7 44. d4 b6 45. Kd3 f6 46. Kc2 c4 47. Ne1 Na5 48. Nf3 Nb7 49. Kd2 Nd6 50. Ke3 g5 51. h5 f5 52. Ne5 fxg4 53. Nxg4 Nf5+ 54. Kd2 0-1

[Event "NCA-ch Fase 2"]
[Site "Managua"]
[Date "2022.01.29"]
[Round "4"]
[White "Ferrufino, Michelle"]
[Black "Pineda, Juan Jose"]
[Result "0-1"]
[WhiteElo "1823"]
[BlackElo "1956"]
[PlyCount "60"]
[EventDate "2022.01.22"]
[EventType "swiss"]
[EventRounds "9"]
[EventCountry "NCA"]
[SourceTitle "CBM 207 Extra"]
[Source "ChessBase"]
[SourceDate "2022.05.31"]
[SourceVersion "1"]
[SourceVersionDate "2022.05.31"]
[SourceQuality "1"]

1. e4 e5 2. Nf3 Nc6 3. d4 exd4 4. Bc4 Bc5 5. c3 d3 6. b4 Bb6 7. Qb3 Qe7 8. 0-0 d6 9. a4 a6 10. a5 Ba7 11. b5 axb5 12. Qxb5 Qd7 13. e5 d5 14. Bxd5 Nge7 15. Bxf7+ Kxf7 16. e6+ Kxe6 17. Qh5 Qd5 18. Re1+ Kd7 19. Ne5+ Nxe5 20. Rxe5 Qc6 21. Qg4+ Kd8 22. Qxg7 Re8 23. Bg5 Be6 24. Qf6 Kd7 25. Ra4 Ng6 26. Qg7+ Kc8 27. Ree4 Bb3 28. Nd2 Bxa4 29. Qf7 Rxe4 30. Qf5+ Qe6 0-1

[Event "NCA-chT final"]
[Site "Managua"]
[Date "2021.10.16"]
[Round "1.4"]
[White "Marquez Carrero, Rafael Alfonso"]
[Black "Ferrufino, Michelle"]
[Result "0-1"]
[WhiteElo "1054"]
[BlackElo "1802"]
[PlyCount "62"]
[EventDate "2021.10.16"]
[EventType "team-tourn"]
[EventRounds "11"]
[EventCountry "NCA"]
[SourceTitle "EXT 2023"]
[Source "ChessBase"]
[SourceDate "2022.10.05"]
[SourceVersion "1"]
[SourceVersionDate "2022.10.05"]
[SourceQuality "1"]
[WhiteTeam "Torre Fuerte"]
[BlackTeam "Alcaldia de Managua"]
[WhiteTeamCountry "NCA"]
[BlackTeamCountry "NCA"]

1. e4 c5 2. Nf3 e6 3. d4 cxd4 4. Nxd4 Nc6 5. Be3 a6 6. Nc3 Nf6 7. f3 Bb4 8. Nde2 d5 9. g3 dxe4 10. Qxd8+ Nxd8 11. f4 Nd5 12. Bd4 0-0 13. 0-0-0 Nxc3 14. Nxc3 b5 15. Bg2 f5 16. Bb6 Bb7 17. Rd7 Bc6 18. Rd2 Rb8 19. Rhd1 Rxb6 20. Rxd8 Rb8 21. R8d4 Bc5 22. R4d2 Be3 23. h4 Rbd8 24. a3 Rxd2 25. Rxd2 Rd8 26. Kb1 Rxd2 27. Bh3 Rh2 28. Bxf5 exf5 29. Ka2 Bd4 30. Kb3 Bxc3 31. Kxc3 e3 0-1

[Event "NCA-ch op"]
[Site "Managua"]
[Date "2021.09.12"]
[Round "9"]
[White "Ferrufino, Michelle"]
[Black "Alfaro Caracas, William"]
[Result "0-1"]
[WhiteElo "1799"]
[BlackElo "2171"]
[PlyCount "124"]
[EventDate "2021.08.28"]
[EventType "swiss"]
[EventRounds "9"]
[EventCountry "NCA"]
[SourceTitle "EXT 2023"]
[Source "ChessBase"]
[SourceDate "2022.10.05"]
[SourceVersion "1"]
[SourceVersionDate "2022.10.05"]
[SourceQuality "1"]

1. e4 c5 2. Nc3 d6 3. Bb5+ Bd7 4. Bxd7+ Qxd7 5. f4 g6 6. Nf3 Bg7 7. d3 Nc6 8. Bd2 b5 9. Rb1 Rb8 10. 0-0 Nf6 11. Ne2 0-0 12. h3 a5 13. a3 b4 14. axb4 Nxb4 15. e5 Nfd5 16. Ng3 Qa4 17. b3 Qd7 18. c4 Nc7 19. Be3 Ne6 20. f5 Nd4 21. f6 exf6 22. exf6 Bxf6 23. Nxd4 Bxd4 24. Bxd4 cxd4 25. Rf6 Qe7 26. Ne4 d5 27. cxd5 Nxd5 28. Ra6 Nc3 29. Nxc3 dxc3 30. Rxa5 Rfd8 31. Qf3 c2 32. Rc1 Rxb3 33. Ra8 Rbxd3 34. Qxd3 Rxa8 35. Qxc2 h5 36. Kh1 Rd8 37. Rf1 Rd6 38. Qf2 Re6 39. Qf3 Kg7 40. Qc3+ Kh7 41. Qf3 Kg8 42. Qa8+ Kg7 43. Qa1+ Kh7 44. Qd1 Rf6 45. Re1 Qb7 46. Qa1 Rf2 47. Rg1 Qd5 48. Qe1 Rb2 49. Qg3 Rb3 50. Qh4 Kh6 51. Qf4+ Kg7 52. Kh2 g5 53. Qf1 Qe5+ 54. Kh1 g4 55. Qd1 Re3 56. hxg4 Qg5 57. Qd4+ Kg8 58. Qd6 hxg4 59. Qb8+ Kg7 60. Qb2+ Re5 61. g3 Qf6 62. Qh2 Qf3+ 0-1

[Event "NCA-ch op"]
[Site "Managua"]
[Date "2021.09.05"]
[Round "6"]
[White "Ferrufino, Michelle"]
[Black "Gutierrez, Oscar"]
[Result "0-1"]
[WhiteElo "1799"]
[BlackElo "1848"]
[PlyCount "114"]
[EventDate "2021.08.28"]
[EventType "swiss"]
[EventRounds "9"]
[EventCountry "NCA"]
[SourceTitle "EXT 2023"]
[Source "ChessBase"]
[SourceDate "2022.10.05"]
[SourceVersion "1"]
[SourceVersionDate "2022.10.05"]
[SourceQuality "1"]

1. e4 e6 2. d4 d5 3. Nc3 Nf6 4. e5 Nfd7 5. f4 c5 6. Nf3 Nc6 7. Be3 cxd4 8. Nxd4 Be7 9. Qd2 0-0 10. 0-0-0 a6 11. Kb1 Qc7 12. Bd3 b5 13. g4 Na5 14. Nf5 Re8 15. Nxe7+ Rxe7 16. Qf2 Nc4 17. Qh4 Nf8 18. Bd4 Re8 19. Rhe1 b4 20. Ne2 a5 21. Ng3 a4 22. Nh5 Ng6 23. Qh3 b3 24. Nf6+ gxf6 25. exf6 Qxf4 26. Bxc4 dxc4 27. Qh5 bxc2+ 28. Kxc2 h6 29. h4 Qh2+ 30. Kb1 Qxh4 31. Qxh4 Nxh4 32. Rh1 Ng6 33. Rxh6 e5 34. Bc5 Bxg4 35. Rdh1 Bf5+ 36. Kc1 Rac8 37. Bb4 Rc6 38. Be7 Rxe7 39. fxe7 Nxe7 40. Rh8+ Kg7 41. Re8 Ng6 42. Rg1 c3 43. Rxe5 cxb2+ 44. Kxb2 Kf6 45. Ra5 Bd7 46. Ra7 Rd6 47. Re1 Ne5 48. Rf1+ Ke6 49. Rh1 Rd2+ 50. Kb1 f6 51. Rh6 Bb5 52. Rb7 Bd3+ 53. Kc1 Rc2+ 54. Kd1 Ng4 55. Rb6+ Kf5 56. Rh5+ Kg6 57. Rh8 Ne3+ 0-1

[Event "Managua Ramirez de Arellano Memorial"]
[Site "Managua"]
[Date "2021.07.10"]
[Round "1"]
[White "Ferrufino, Michelle"]
[Black "Aleman Martinez, Verania Monserrat"]
[Result "1-0"]
[WhiteElo "1799"]
[BlackElo "1325"]
[PlyCount "77"]
[EventDate "2021.07.10"]
[EventType "swiss"]
[EventRounds "9"]
[EventCountry "NCA"]
[SourceTitle "EXT 2023"]
[Source "ChessBase"]
[SourceDate "2022.10.05"]
[SourceVersion "1"]
[SourceVersionDate "2022.10.05"]
[SourceQuality "1"]

1. e4 d5 2. exd5 Qxd5 3. Nc3 Qa5 4. d4 c6 5. Nf3 Bf5 6. Ne5 e6 7. g4 f6 8. Nc4 Bxc2 9. Nxa5 Bxd1 10. Nxd1 Bb4+ 11. Bd2 Bxd2+ 12. Kxd2 Ne7 13. Bc4 e5 14. dxe5 b5 15. exf6 bxc4 16. fxe7 Kxe7 17. Re1+ Kf7 18. Nxc4 Rd8+ 19. Kc2 Na6 20. a3 Rac8 21. Nc3 Rc7 22. Rad1 Rxd1 23. Rxd1 g6 24. Ne5+ Ke6 25. f4 Nc5 26. b4 Nb7 27. Ne4 Ke7 28. f5 gxf5 29. gxf5 c5 30. b5 Na5 31. Rg1 Kf8 32. f6 h5 33. Rd1 Rc8 34. Rd7 Kg8 35. Rg7+ Kf8 36. Ng6+ Ke8 37. Nd6+ Kd8 38. Ne5 a6 39. Rd7# 1-0

[Event "Managua Gomez Argenal Memorial"]
[Site "Managua"]
[Date "2021.06.20"]
[Round "9"]
[White "Rios, Edgard"]
[Black "Ferrufino, Michelle"]
[Result "1-0"]
[WhiteElo "1738"]
[BlackElo "1816"]
[PlyCount "47"]
[EventDate "2021.05.29"]
[EventType "swiss"]
[EventRounds "9"]
[EventCountry "NCA"]
[SourceTitle "EXT 2022"]
[Source "ChessBase"]
[SourceDate "2021.10.06"]
[SourceVersion "1"]
[SourceVersionDate "2021.10.06"]
[SourceQuality "1"]

1. d4 d5 2. Bf4 Nf6 3. e3 c5 4. c3 Nc6 5. Nf3 Qb6 6. Qc1 Bf5 7. Nbd2 e6 8. h3 h6 9. Be2 Qd8 10. Bh2 Bd6 11. Ne5 Rc8 12. 0-0 cxd4 13. Nxc6 Bxh2+ 14. Kxh2 Qd6+ 15. Kg1 d3 16. Nxa7 dxe2 17. Nxc8 exf1Q+ 18. Qxf1 Qc5 19. Qb5+ Qxb5 20. Nd6+ Ke7 21. Nxb5 Rc8 22. f3 Nd7 23. Nb3 Ne5 24. N5d4 1-0

[Event "Managua Gomez Argenal Memorial"]
[Site "Managua"]
[Date "2021.06.13"]
[Round "7"]
[White "Simplina, Amor"]
[Black "Ferrufino, Michelle"]
[Result "1-0"]
[WhiteElo "2094"]
[BlackElo "1816"]
[PlyCount "81"]
[EventDate "2021.05.29"]
[EventType "swiss"]
[EventRounds "9"]
[EventCountry "NCA"]
[SourceTitle "EXT 2022"]
[Source "ChessBase"]
[SourceDate "2021.10.06"]
[SourceVersion "1"]
[SourceVersionDate "2021.10.06"]
[SourceQuality "1"]

1. d4 d5 2. c4 c6 3. Nf3 Nf6 4. Nc3 dxc4 5. e4 b5 6. a3 e6 7. Bg5 Be7 8. Be2 0-0 9. 0-0 Bb7 10. b3 cxb3 11. Qxb3 Nbd7 12. Rfe1 Nb6 13. e5 Nfd5 14. Bxe7 Qxe7 15. Ne4 Rad8 16. Rac1 Nf4 17. Bf1 Ng6 18. g3 h6 19. Nd6 Nc8 20. Ne4 Nb6 21. Bg2 Nd5 22. h4 Qc7 23. Nfd2 Qb6 24. Nc5 Nge7 25. Nde4 Ba8 26. h5 a5 27. g4 Nf4 28. Ng3 Nxg2 29. Kxg2 Bb7 30. Rf1 Ba8 31. Rfd1 Rd5 32. Nge4 Rfd8 33. Qe3 b4 34. Rb1 Rb8 35. Kh3 Rdd8 36. Nf6+ gxf6 37. exf6 Kh7 38. fxe7 Rd5 39. Qe4+ Kg7 40. Nxe6+ fxe6 41. Qg6+ 1-0

[Event "Managua Gomez Argenal Memorial"]
[Site "Managua"]
[Date "2021.06.06"]
[Round "4"]
[White "Ferrufino, Michelle"]
[Black "Rocha, Maximiliano"]
[Result "0-1"]
[WhiteElo "1816"]
[BlackElo "2085"]
[PlyCount "150"]
[EventDate "2021.05.29"]
[EventType "swiss"]
[EventRounds "9"]
[EventCountry "NCA"]
[SourceTitle "EXT 2022"]
[Source "ChessBase"]
[SourceDate "2021.10.06"]
[SourceVersion "1"]
[SourceVersionDate "2021.10.06"]
[SourceQuality "1"]

1. e4 e5 2. Nf3 Nc6 3. d4 exd4 4. Bc4 Bc5 5. c3 Nf6 6. e5 d5 7. Bb5 Ne4 8. cxd4 Bb4+ 9. Nbd2 0-0 10. 0-0 Bxd2 11. Bxd2 Bg4 12. Be3 f6 13. Be2 Kh8 14. Rc1 Rc8 15. Kh1 Bxf3 16. gxf3 Ng5 17. f4 Nf7 18. Bd3 Nh6 19. Rg1 f5 20. Qh5 Ne7 21. Rg5 Qe8 22. Qh3 Ng6 23. Rcg1 Qd7 24. Be2 Rce8 25. Bh5 Re6 26. Bxg6 hxg6 27. Rxg6 Rxg6 28. Rxg6 Kh7 29. Rg1 Re8 30. Bd2 Re6 31. Qh5 Qf7 32. Qh4 Rg6 33. Rg5 Re6 34. f3 Qe8 35. Bb4 Qb5 36. Qe1 Nf7 37. Rg2 Rg6 38. Rxg6 Kxg6 39. e6 Nh6 40. Qg3+ Kh7 41. Qe1 Kg8 42. Kg1 Qe8 43. Qe5 c6 44. Qd6 Kh7 45. Qd7 Qg6+ 46. Kf2 Ng8 47. e7 Nf6 48. Qxb7 Qh5 49. Kg2 Qg6+ 50. Kf2 Qh6 51. Qc8 Qxh2+ 52. Ke3 Qg1+ 53. Kd3 Qf1+ 54. Kc2 Qc4+ 55. Bc3 Qe2+ 56. Kb3 Qxe7 57. Qxf5+ g6 58. Qe5 Qf7 59. Bb4 Nh5 60. Qe7 Qxe7 61. Bxe7 Nxf4 62. Bc5 a6 63. Ka4 Ne6 64. Bb6 Ng5 65. Ka5 Nxf3 66. Kxa6 g5 67. Kb7 g4 68. Bc7 Nxd4 69. a4 Nb3 70. a5 d4 71. a6 Nc5+ 72. Kb6 Nxa6 73. Kxa6 d3 74. Bf4 g3 75. Bxg3 d2 0-1